La educación como práctica de la libertad (Record no. 1427)
[ view plain ]
| 000 -LEADER | |
|---|---|
| campo de control de longitud fija | 00919nam a22001577a 4500 |
| 008 - DATOS DE LONGITUD FIJA--INFORMACIÓN GENERAL | |
| campo de control de longitud fija | 180427b xxu||||| |||| 00| 0 eng d |
| 020 ## - NÚMERO INTERNACIONAL ESTÁNDAR DEL LIBRO | |
| Número Internacional Estándar del Libro | 9786070302992 |
| 082 ## - NÚMERO DE LA CLASIFICACIÓN DECIMAL DEWEY | |
| Número de clasificación | 370.981 |
| Número de ítem | F866e |
| 100 ## - ENTRADA PRINCIPAL--NOMBRE DE PERSONA | |
| Nombre de persona | Freire, Paulo |
| 9 (RLIN) | 6237 |
| 245 ## - MENCIÓN DEL TÍTULO | |
| Título | La educación como práctica de la libertad |
| 260 ## - PUBLICACIÓN, DISTRIBUCIÓN, ETC. | |
| Lugar de publicación, distribución, etc. | México |
| Nombre del editor, distribuidor, etc. | Siglo Veintiuno Editores |
| Fecha de publicación, distribución, etc. | 2011 |
| 300 ## - DESCRIPCIÓN FÍSICA | |
| Extensión | 150 p. |
| Dimensiones | 21 cm. |
| 505 ## - NOTA DE CONTENIDO CON FORMATO | |
| Título | Educación y concienciación |
| Mención de responsabilidad | Julio Barreiro |
| Título | Canção para os fonemas de alegria |
| Mención de responsabilidad | Thiago de Mello |
| Título | Agradecimiento |
| -- | Aclaración |
| -- | 1. La sociedad brasileña en transición |
| -- | 2. Sociedad cerrada e inexperiencia democrática |
| -- | 3. Educación versus masificación |
| -- | 4. Educación y conciencia |
| -- | 5. Ejecución práctica |
| -- | Apéndice |
| -- | Nota final |
| 650 ## - PUNTO DE ACCESO ADICIONAL DE MATERIA--TÉRMINO DE MATERIA | |
| Fuente del encabezamiento o término | Educación |
| Subdivisión general | Sociología de la educación |
| -- | Educación - aspectos sociales |
| -- | Educación y libertad |
| Subdivisión geográfica | Educación - Brasil |
| -- | Brasil - condiciones sociales |
| 9 (RLIN) | 6242 |
| 700 ## - ENTRADA AGREGADA--NOMBRE PERSONAL | |
| Nombre de persona | Ronzoni, Lilién (Traductor) |
| 9 (RLIN) | 6243 |
| Estatus retirado | Estado de pérdida | Fuente del sistema de clasificación o colocación | Estado de daño | No para préstamo | Biblioteca de origen | Biblioteca actual | Ubicación en estantería | Fecha de adquisición | Total de préstamos | Signatura topográfica completa | Código de barras | Visto por última vez | Precio de reemplazo | Tipo de ítem Koha |
|---|---|---|---|---|---|---|---|---|---|---|---|---|---|---|
| Clasificación Decimal Dewey | Biblioteca LadoV | Biblioteca LadoV | 27/04/2018 | 370.981 F866e | 004581 | 27/04/2018 | 27/04/2018 | Material 01 |
